Statistiques concernant Les pays consommant le plus de pain

Cliquez ici pour prendre le quiz!

Statistiques générales

  • Ce quiz a été pris 315 fois
  • Le résultat moyen est 5 sur 10

Statistiques - réponses

Kg/habitant/anPays% Correct
58 kgFrance
99%
60 kgEtats-Unis
87%
85 kgAllemagne
80%
57 kgRussie
73%
120 kgTurquie
46%
68 kgGrèce
42%
110 kgAlgérie
41%
95 kgBulgarie
18%
106 kgSerbie
17%
74 kgChypre
10%

Distribution des résultats

Percentile par nombre de réponses

% des personnes avec chaque résultat

Votre développement - résultats

Vous n’avez pas pris ce quiz